000 00463nam a2200169 a 4500
001 000025817
005 20200930024054.0
008 100308s1969 sp 000 d spa d
040 _aDO-SdBNP
_bspa
_cBNPHU
082 _ann*
_bnn*
100 1 _aBenavente, Jacinto.
_952644
245 1 0 _aobras completas /
_cJacinto Benavente.
260 _aMadrid :
_bAguilar,
_c1969.
300 _av. ;
_c14 cm.
500 _aLa biblioteca sólo posee el tomo 2.
049 _aBNPD
999 _c25309
_d25309